Ľavicová platforma v ekonomike. 2
Nesúhlas s postupom privatizácie veľkého podnikania - nezodpovedné odovzdávanie spoločenského vlastníctva do rúk jednotlivcov. Nevyhnutnosť štátnej kontroly pri vývoze hmotnej, kovovej, drevnej a energetickej podstaty našej ekonomiky. Dosiahnutie okamžitého obratu vedy a techniky. Vedecko-technická...
Enregistré dans:
| Auteur principal: | |
|---|---|
| Format: | Chapitre de livre |
| Langue: | slovaque |
| Sujets: | |
| Tags: |
Pas de tags, Soyez le premier à ajouter un tag!
|
MARC
| LEADER | 00000naa a2200000 4500 | ||
|---|---|---|---|
| 001 | r017144 | ||
| 005 | 20221213095747.3 | ||
| 041 | 0 | |a slo | |
| 044 | |a SK | ||
| 245 | 1 | 0 | |a Ľavicová platforma v ekonomike. 2 |c H. Ďurkovič |
| 520 | |a Nesúhlas s postupom privatizácie veľkého podnikania - nezodpovedné odovzdávanie spoločenského vlastníctva do rúk jednotlivcov. Nevyhnutnosť štátnej kontroly pri vývoze hmotnej, kovovej, drevnej a energetickej podstaty našej ekonomiky. Dosiahnutie okamžitého obratu vedy a techniky. Vedecko-technická kvalifikácia kľúčom k nastupujúcej informačnej spoločnosti. Účasť zamestnancov na vlastníctve, riadení a rozhodovaní, nevyhnutná účasť štátu. Vyhýbať sa pôžičkám svetových finančných inštitúcií (MMF, Svetová banka). | ||
| 610 | 2 | 0 | |a Slovensko |
| 610 | 2 | 0 | |a 1995 |
| 610 | 2 | 0 | |a úroveň rozvoja hospodárskeho |
| 610 | 2 | 0 | |a reštitúcia |
| 610 | 2 | 0 | |a privatizácia |
| 610 | 2 | 0 | |a internacionalizácia |
| 610 | 2 | 0 | |a integrácia |
| 610 | 2 | 0 | |a riadenie podnikové |
| 610 | 2 | 0 | |a pôžičky zahraničné |
| 610 | 2 | 0 | |a sila kúpna obyvateľstva |
| 100 | 1 | |a Ďurkovič, H. | |